| 000 | 01736nam a22002297a 4500 | ||
|---|---|---|---|
| 003 | OSt | ||
| 005 | 20220107122854.0 | ||
| 008 | 190820b xxu||||| |||| 00| 0 eng d | ||
| 040 | _cIIITMK | ||
| 100 |
_aAmala Rajan _916296 |
||
| 245 | _aStudy of human behavioural patterns using sentimental analysis of social network data | ||
| 300 | _aMsc GIS - Mini Project | ||
| 500 | _aA social networking service (also social networking site, SNS or social media) is an online platform that people use to build social networks or social relations with other people who share similar personal or career interests, activities, backgrounds or real-life connections. The growth of social media over the last decade has revolutionized the way individuals interact and industries conduct business. We attempt to extract the special data from social networking applications like facebook and twitter, analyzing the data on the most relevant and controversial topic “tsunami” and “demonetization” and analyze it using R for understanding the behavior of people. First of all we extracted the data from facebook on the topic “tsunami” using facebook developer app. Thus we got a world wide data to get more precise data we extracted it from twitter on the topic “demonetization” using twitter.apps. we Geocoded the extracted data and plotted it. The further sentimental analysis will be conducted in the coming semester. | ||
| 502 |
_bMsc GIS _c2017-2019 _dINT _eT Radhakrishnan |
||
| 650 |
_aSOCIAL NETWORKING SERVICE _916297 |
||
| 650 |
_aHUMAN BEHAVIOURAL PATTERNS _916298 |
||
| 650 |
_aSENTIMENTAL ANALYSIS _916299 |
||
| 700 |
_aAnjitha H _916300 |
||
| 700 |
_aGopika P _916301 |
||
| 700 |
_aMegha R _916302 |
||
| 942 |
_2ddc _cPR |
||
| 999 |
_c6609 _d6609 |
||